|
|
|
|
| LEADER |
00000nam0a2200000 4500 |
| 001 |
305923 |
| 005 |
20231102001839.0 |
| 035 |
|
|
|a (RuTPU)RU\TPU\book\331198
|
| 090 |
|
|
|a 305923
|
| 100 |
|
|
|a 20151001d1983 km y0rusy50 ca
|
| 101 |
0 |
|
|a rus
|
| 102 |
|
|
|a UA
|
| 105 |
|
|
|a a z 001zy
|
| 200 |
1 |
|
|a Пневматические конструкции в горном деле
|f В. С. Рахутин
|
| 210 |
|
|
|a Киев
|a Донецк
|c Вища школа
|d 1983
|
| 215 |
|
|
|a 152 с.
|c ил.
|
| 320 |
|
|
|a Библиогр.: с. 148-150
|
| 606 |
1 |
|
|a Рудничное крепление, пневматическое
|2 stltpush
|3 (RuTPU)RU\TPU\subj\25788
|9 49861
|
| 610 |
1 |
|
|a горное дело
|
| 610 |
1 |
|
|a пневматические конструкции
|
| 610 |
1 |
|
|a шахтная крепь
|
| 610 |
1 |
|
|a мягкие оболочки
|
| 610 |
1 |
|
|a параметры
|
| 610 |
1 |
|
|a экспериментальные исследования
|
| 610 |
1 |
|
|a пневматические костры
|
| 610 |
1 |
|
|a горное давление
|
| 610 |
1 |
|
|a механизированные крепи
|
| 610 |
1 |
|
|a перемычки
|
| 675 |
|
|
|a 622.281
|v 4
|
| 700 |
|
1 |
|a Рахутин
|b В. С.
|g Владимир Семенович
|
| 801 |
|
1 |
|a RU
|b 63413507
|c 20151001
|
| 801 |
|
2 |
|a RU
|b 63413507
|c 20190528
|g RCR
|
| 942 |
|
|
|c BK
|